000 00742cam a2200193 i 4500
005 20251127112316.0
008 250721s2012 jo gr 000 0 ara d
082 1 4 _a211.71
_bد ا و
100 1 _aداود، خلدون إبراهيم خميس
_eمؤلف .
245 1 2 _aالقيد وأثرة الدلالي في آيات الأحكام /
_cتاليف الدكتور خلدون ابراهيم خميس داود .
264 3 1 _aعمان :
_bدار البداية ناشرون،
_c2011.
300 _a368صفحه.
650 1 7 _aالآيات القرآنية.
650 1 7 _aآيات الاحكام.
650 1 7 _aاحكام القرآن.
650 1 7 _aالفقه الاسلامي.
942 _2ddc
_cBK
999 _c123748
_d123748